| 000 | 00340nam a2200133Ia 4500 | ||
|---|---|---|---|
| 005 | 20251222144741.0 | ||
| 008 | 251222s9999||||xx |||||||||||||| ||spa|| | ||
| 020 | _a950-614-411-7 | ||
| 082 | _a868.671/M13N | ||
| 100 | _aMachado, Antonio | ||
| 245 | 0 | _aNuevas Canciones y de un Cancionero Apócrifo | |
| 264 | _bHyspamérica | ||
| 942 | _cLIB | ||
| 999 |
_c18979 _d18979 |
||